Detalles MARC
| 000 -LIDER |
| fixed length control field |
01071nam a2200277 a 4500 |
| 001 - NÚMERO DE CONTROL |
| Identificador de número de control |
000013432 |
| 003 - IDENTIFICACDOR DE NÚMERO DE CONTROL |
| control field |
DO-SdBNP |
| 005 - DATE AND TIME OF LATEST TRANSACTION |
| control field |
20180409100931.0 |
| 007 - CAMPOS FIJOS DE DESCRIPCIÓN FÍSICA |
| fixed length control field |
000013432 |
| 008 - ELEMENTOS DE LONGITUD FIJA |
| fixed length control field |
091124t1975 dr a 010 0dspa d |
| 040 ## - FUENTE DE CATALOGACIÓN |
| Agencia que crea de manera original el registro |
BPMET |
| Idioma de catalogación |
spa |
| Agencia que realiza la transcripción |
BPMET |
| 100 1# - ASIENTO PRINCIPAL -- NOMBRE PERSONAL |
| Nombre personal |
Balaguer, Joaquín, |
| Fechas asociadas con el nombre |
1906-2002 |
| 245 10 - MENCIÓN DE TITULO |
| Título |
Discurso pronunciado por el Presidente Constitucional de la República Joaquín Balaguer, en el develizamiento de la estatua de José Martí, apóstol de la libertad de Cuba |
| Mención de responsabilidad |
Balaguer, Joaquín |
| 246 13 - VARIACION DEL TÍTULO |
| Título propiamente dicho o título corto |
Martí |
| 260 ## - PUBLICACIÓN, DISTRIBUCIÓN, ETC. (PIE DE IMPRENTA) |
| Lugar de publicación, distribución, etc |
Santo Domingo : |
| Nombre del editor, distribuidor, etc. |
Nivar, |
| Fecha de publicación, distribución, etc |
1975. |
| 300 ## - DESCRIPCIÓN FÍSICA |
| Extensión |
32 p. : |
| Otros detalles físicos |
il. ; |
| Dimensiones |
22 cm. |
| 600 14 - ENCABEZAMIENTO DE MATERIA--NOMBRE PERSONAL |
| Nombre personal |
MARTI, JOSÉ, |
| Fechas asociadas con el nombre |
1853-1895 |
| Subdivisión temática general |
ENSAYOS, CONFERENCIAS, ETC. |
| 651 #4 - ENCABEZAMIENTO DE MATERIA--NOMBRE GEOGRÁFICO |
| Nombre geográfico |
CUBA |
| Subdivisión temática general |
HISTORIA |
| Subdivisión cronológica |
1810-1899 |
| Subdivisión temática general |
ENSAYOS, CONFERENCIAS, ETC. |
| 910 ## - VALIDACIÓN |
| Validación |
Validado. Control de calidad EMS. |
| 942 ## - ADDED ENTRY ELEMENTS (KOHA) |
| Source of classification or shelving scheme |
Dewey Decimal Classification |
| Koha item type |
Libros |
| 945 ## - INFORMACIÓN DE PROCESAMIENTO LOCAL |
| Información de procesamiento local |
Remanejado para la BNPHU / BT |
| 956 ## - LOCAL ELECTRONIC LOCATION AND ACCESS (OCLC) |
| Nombre de host |
SARMENTERO |
| Número de acceso |
10 |
| Información de compresión |
20091124 |
| Inicio de sesión |
BND01 |
| Procesador de solicitud |
1456 |
| 956 ## - LOCAL ELECTRONIC LOCATION AND ACCESS (OCLC) |
| Nombre de host |
NMORDAN |
| Número de acceso |
10 |
| Información de compresión |
20100716 |
| Inicio de sesión |
BND01 |
| Procesador de solicitud |
1125 |
| 956 ## - LOCAL ELECTRONIC LOCATION AND ACCESS (OCLC) |
| Nombre de host |
EMARRERO |
| Número de acceso |
40 |
| Información de compresión |
20110524 |
| Inicio de sesión |
BND01 |
| Procesador de solicitud |
1559 |
| 956 ## - LOCAL ELECTRONIC LOCATION AND ACCESS (OCLC) |
| Nombre de host |
VMATEO |
| Número de acceso |
10 |
| Información de compresión |
20150907 |
| Inicio de sesión |
BPMSU |
| Procesador de solicitud |
00151 |